000 01681cam a22004574i 4500
003 PE-LiUPU
005 20250731173515.0
008 150616s r 000 0 d
035 _a(Sirsi) a7945
040 _aPE-LiUPU
_bspa
_cPE-LiUPU
_erda
049 _aPRUA
082 0 4 _a220.07
_bN82
_221
110 2 _aNorth Pacific Union Conference of Seventh-day Adventists. Sabath School Departments
245 1 3 _aLa Secretary: religious education series No. 2.
264 1 _aUSA :
_bCenter Graphics,
_c1978.
300 _a90 páginas ;
_c22 cm.
336 _atext
_2rdacontent
337 _aunmediated
_2rdamedia
338 _avolume
_2rdacarrier
490 0 _aReligious Eduction Series ;
_v2
505 0 _aQulities that assure succcess.- Th e sabbath school lifeline.- Beginning the year.- Duties of the secretary.- Sabbath school membership- Sabbth school outreach.- The sabbth school secretary must communicate.
526 _aSEG42
526 _aSEG41
526 _aSEG40
526 _aSEG39
526 _aP94
526 _aP87
526 _aP86
526 _aP85
526 _aP77
526 _aP76
526 _aP35
650 0 4 _aESCUELA SABATICA - ENSEÑANZA.
910 _ajck
_bjvq
_cjck
942 _2ddc
_cBOOK
949 _a220.07 N82
_wDEWEY
_c1
_i41577
_lCCODEBUL1
_mBUL
_p00.00
_r0
_sY
_tBOOK
_u19960805
_xTEOLOGIA
_zUNKNOWN
_0COMPRA
_o.STAFF. Colección General
994 _aC0
_bPEPRU
596 _a1
999 _a220.07 N82
_wDEWEY
_c59242
_i41577
_f2021-11-11
_g5
_lCCODEBUL1
_mBUL
_r0
_sY
_tBOOK
_u2015-6-16
_xTEOLOGIA
_zUNKNOWN
_0COMPRA
_o.STAFF. Colección General
_d59242
980 _81
_gALBERTO SANCHEZ Responsable de Automatización